000 00476nam a2200145Ia 4500
008 220216s9999 xx 000 0 und d
100 _aLiyange A de S
245 0 _aInfluence of some factors on the pattern of wintering and on the incidence of oidium leaf fall in clone PB 86
260 _bJournal of the Rubber Research Institute of Sri Lanka
_c1976
300 _a31-38
650 _aHevea brasiliensis
650 _aOidium leaf fall
650 _aWintering
942 _cJS
999 _c61326
_d61326